MARC

LEADER 00000nam0a2200000 4500
001 340001
005 20231102005209.0
035 |a (RuTPU)RU\TPU\book\366547 
090 |a 340001 
100 |a 20180207d1967 km y0rusy50 ca 
101 0 |a rus 
102 |a RU 
105 |a a z 001zy 
200 1 |a Физико-химия и механика ориентированных стеклопластиков  |e [сборник статей]  |f Академия наук СССР (АН СССР), Институт химической физики им. Н. Н. Семенова (ИХФ) ; под ред. Г. Д. Андреевской 
210 |a Москва  |c Наука  |d 1967 
215 |a 263 с.  |c ил. 
320 |a Библиография в конце статей 
606 1 |a Стеклопластики ориентированные  |2 stltpush  |3 (RuTPU)RU\TPU\subj\56920  |9 74803 
610 1 |a полимерные связующие 
610 1 |a олигомеры 
610 1 |a высокополимеры 
610 1 |a химически активные соединения 
610 1 |a волокна 
610 1 |a эпоксидные смолы 
610 1 |a адгезия 
610 1 |a модифицирование 
610 1 |a механика 
610 1 |a физико-механические свойства 
610 1 |a деформации 
610 1 |a остаточные напряжения 
610 1 |a прочность 
610 1 |a технология 
610 1 |a сборники 
675 |a 678.5.067.5  |v 4 
702 1 |a Андреевская  |b Г. Д.  |4 340 
712 0 2 |a Академия наук СССР (АН СССР)  |b Институт химической физики им. Н. Н. Семенова (ИХФ)  |c (Москва)  |2 stltpush  |3 (RuTPU)RU\TPU\col\1482 
801 1 |a RU  |b 63413507  |c 20180207 
801 2 |a RU  |b 63413507  |c 20180207  |g RCR 
942 |c BK